[Event "Khanty-Mansiysk Governor Cup 16th"]
[Site "Khanty-Mansiysk"]
[Date "2020.12.07"]
[Round "8"]
[White "Rezvyi, Dmitri"]
[Black "Plyasunov, Daniil"]
[Result "0-1"]
[WhiteElo "1626"]
[BlackElo "1959"]
[PlyCount "100"]
[EventDate "2020.11.30"]
[EventType "swiss"]
[EventRounds "9"]
[EventCountry "RUS"]
[SourceTitle "CBM 199 Extra"]
[Source "ChessBase"]
[SourceDate "2021.01.31"]
[SourceVersion "1"]
[SourceVersionDate "2021.01.31"]
[SourceQuality "1"]

1. d4 c5 2. Nf3 cxd4 3. Nxd4 d5 4. e3 e5 5. Nf3 Nc6 6. Bb5 Bg4 7. h3 Bxf3 8. Qxf3 Nf6 9. 0-0 Qb6 10. Nc3 Rd8 11. Qg3 Qc7 12. f4 e4 13. Ne2 a6 14. Bxc6+ bxc6 15. b3 g6 16. Bb2 Bg7 17. Qh4 Nh5 18. Bxg7 Nxg7 19. g4 f5 20. Qf6 Rd6 21. Qe5+ Kf7 22. Rad1 Re8 23. Qb2 fxg4 24. hxg4 Qd7 25. f5 gxf5 26. Nf4 Kg8 27. g5 c5 28. c3 Rd8 29. b4 Rb8 30. Qb3 c4 31. Qc2 Ne6 32. Qg2 Nxf4 33. Rxf4 Rf8 34. Rdf1 Rg6 35. Rh4 Qg7 36. Rh5 Qxc3 37. Qh3 Qe5 38. Rxh7 Rxg5+ 39. Kh1 Qf6 40. Rh6 Qg7 41. Rxa6 Rg3 42. Qh2 f4 43. exf4 c3 44. f5 c2 45. f6 Qg5 46. Rc6 Qg4 47. f7+ Rxf7 48. Rc8+ Qxc8 49. Qxg3+ Rg7 50. Qf2 Qh3+ 0-1

[Event "Khanty-Mansiysk Governor Cup 16th"]
[Site "Khanty-Mansiysk"]
[Date "2020.12.05"]
[Round "6"]
[White "Rezvyi, Dmitri"]
[Black "Skvortsov, Andrei"]
[Result "1-0"]
[WhiteElo "1626"]
[BlackElo "2126"]
[PlyCount "70"]
[EventDate "2020.11.30"]
[EventType "swiss"]
[EventRounds "9"]
[EventCountry "RUS"]
[SourceTitle "CBM 199 Extra"]
[Source "ChessBase"]
[SourceDate "2021.01.31"]
[SourceVersion "1"]
[SourceVersionDate "2021.01.31"]
[SourceQuality "1"]

1. e4 c6 2. Nf3 d5 3. exd5 cxd5 4. d4 Nc6 5. Bd3 Bg4 6. 0-0 Nxd4 7. Nxd4 Bd7 8. c4 dxc4 9. Bxc4 e6 10. Nc3 a6 11. a4 Nf6 12. Bg5 Qc7 13. Qe2 Rc8 14. Nxe6 fxe6 15. Bxe6 Be7 16. Bxf6 gxf6 17. Qh5+ Kd8 18. Rad1 Bd6 19. Ne4 Bxe6 20. Rxd6+ Ke7 21. Qh6 Rhf8 22. Rfd1 Qc4 23. R6d4 Qc2 24. b3 Qxb3 25. Nd6 Rcd8 26. Qxh7+ Rf7 27. Qe4 Kf8 28. R4d3 Qa2 29. Nxf7 Rxd3 30. Qxd3 Bxf7 31. Qd4 Qb3 32. h4 Qc2 33. Re1 Qf5 34. Qb4+ Kg7 35. Qxb7 Kg6 1-0

[Event "St Petersburg Korchnoi Memorial op"]
[Site "St Petersburg"]
[Date "2019.08.20"]
[Round "7"]
[White "Rezvyi, Dmitri"]
[Black "Alekseev, Mikhail1111"]
[Result "0-1"]
[WhiteElo "1459"]
[BlackElo "1930"]
[PlyCount "72"]
[EventDate "2019.08.14"]
[EventType "swiss"]
[EventRounds "9"]
[EventCountry "RUS"]
[SourceTitle "CBM 192"]
[Source "ChessBase"]
[SourceDate "2019.10.31"]
[SourceVersion "1"]
[SourceVersionDate "2019.10.31"]
[SourceQuality "1"]

1. e4 c6 2. d4 d5 3. e5 c5 4. c3 Nc6 5. Nf3 Bg4 6. Nbd2 e6 7. Be2 Nge7 8. 0-0 cxd4 9. cxd4 Nf5 10. Nb3 Be7 11. h3 Bxf3 12. Bxf3 a5 13. Be3 a4 14. Nc1 Qb6 15. Ne2 0-0 16. Rb1 Nxe3 17. fxe3 Bg5 18. Qd2 Nxe5 19. Nf4 Bxf4 20. exf4 Nxf3+ 21. Rxf3 Rac8 22. Rbf1 Rc4 23. Rd3 Rfc8 24. f5 e5 25. Qg5 Rxd4 26. Rxd4 f6 27. Qd2 Qxd4+ 28. Qxd4 exd4 29. Rd1 Rc4 30. Rd3 Kf7 31. Kh2 g6 32. fxg6+ hxg6 33. Kg3 b5 34. Kf4 Rc2 35. b3 Rxa2 36. bxa4 Rxa4 0-1